LEADER 01116nam0-2200301---450- 001 990009420350403321 005 20110922090050.0 035 $a000942035 035 $aFED01000942035 035 $a(Aleph)000942035FED01 035 $a000942035 100 $a20110909d1946----km-y0itay50------ba 101 0 $aeng 102 $aNL 105 $aaf------001yy 200 1 $aComparative biologic-anatomical investigations on the vertebral column and spinal musculature of mammals$fby E. J. Slijper 210 $aAmsterdam$cNorth-Holland$d1946 215 $a128 p., 8 c. di tav. ripieg.$cill.$d26 cm 300 $aSul front.: Verhandelingen der koninklijke nederlandsche Akademie van Wetenschappen, afd. Natuurkunde, tweede sectie, deel 42, n. 5 610 0 $aMammiferi$aAnatomia 700 1$aSlijper,$bEverhard Johannes$0512465 801 0$aIT$bUNINA$gRICA$2UNIMARC 901 $aBK 912 $a990009420350403321 952 $aIIIc C 55$b2025$fDMVSF 959 $aDMVSF 996 $aComparative biologic-anatomical investigations on the vertebral column and spinal musculature of mammals$9758819 997 $aUNINA LEADER 00832cam a2200229 i 4500 001 991004313937307536 005 20240408124945.0 008 951123s1925----it iea 001 e ita d 040 $aBibl. Interfacoltà T. Pellegrino$bita$cSocioculturale Scs 041 0 $aita 082 04$a331.880904$223 082 04$a322.2$223 100 1 $aAmbrosini, Gaspare$03005 245 10$aSindacati, Consigli tecnici e Parlamento politico :$bcon riferimento alle costituzioni russa e tedesca, alla Carta di liberta del Carnaro e ai progetti italiani /$cGaspare Ambrosini 260 $aRoma :$bARE,$c1925 300 $a171 p. ;$c20 cm 490 1 $aPoliteia ;$v4 650 4$aSindacati$xOrdinamento 830 0$aPoliteia ;$v4 912 $a991004313937307536 996 $aSindacati, consigli tecnici e Parlamento politico$9492443 997 $aUNISALENTO